[Event "Berlin Unicorn op"]
[Site "Berlin"]
[Date "2008.05.02"]
[Round "4"]
[White "Boettcher, Patrick"]
[Black "Kurz, Alexander"]
[Result "1/2-1/2"]
[WhiteElo "2126"]
[BlackElo "2288"]
[PlyCount "66"]
[EventDate "2008.04.30"]
[EventType "swiss"]
[EventRounds "7"]
[EventCountry "GER"]
[SourceTitle "CBM 124 Extra"]
[Source "ChessBase"]
[SourceDate "2008.07.03"]
[SourceVersion "1"]
[SourceVersionDate "2008.07.03"]
[SourceQuality "1"]

1. d4 Nf6 2. Bg5 Ne4 3. Bf4 c5 4. f3 Qa5+ 5. c3 Nf6 6. d5 d6 7. e4 g6 8. Qd2 b5 9. c4 b4 10. Bd3 Bg7 11. Ne2 0-0 12. Bh6 Nbd7 13. Bxg7 Kxg7 14. f4 e6 15. 0-0 exd5 16. cxd5 c4 17. Bxc4 Qc5+ 18. Qd4 Qxd4+ 19. Nxd4 Nxe4 20. a3 Nb6 21. Bb5 Bb7 22. Bc6 Rab8 23. Re1 Nf6 24. axb4 Nbxd5 25. Rxa7 Bxc6 26. Nxc6 Rfe8 27. Rxe8 Rxe8 28. Nc3 Nxf4 29. b5 Ng4 30. Re7 Ra8 31. Ra7 Re8 32. Re7 Ra8 33. Ra7 Re8 1/2-1/2

[Event "Oberliga Nord O 0708"]
[Site "Germany"]
[Date "2008.04.06"]
[Round "8.3"]
[White "Horn, Sven"]
[Black "Kurz, Alexander"]
[Result "0-1"]
[WhiteElo "2111"]
[BlackElo "2288"]
[PlyCount "58"]
[EventDate "2007.10.21"]
[EventType "team-tourn"]
[EventRounds "9"]
[EventCountry "GER"]
[SourceTitle "EXT 2009"]
[Source "ChessBase"]
[SourceDate "2008.11.26"]
[SourceVersion "1"]
[SourceVersionDate "2008.11.26"]
[SourceQuality "1"]
[WhiteTeam "Lasker Steglitz"]
[BlackTeam "Berlin SF"]
[WhiteTeamCountry "GER"]
[BlackTeamCountry "GER"]

1. e4 e6 2. d4 d5 3. exd5 exd5 4. Nf3 Nf6 5. h3 Be7 6. Bd3 0-0 7. 0-0 Nbd7 8. Re1 c5 9. c3 b6 10. Ne5 Nxe5 11. dxe5 Ne8 12. Qh5 g6 13. Qe2 Ng7 14. Nd2 f5 15. f4 Ne6 16. Qf3 Bb7 17. Nf1 Qd7 18. g4 c4 19. gxf5 gxf5 20. Bxf5 Rxf5 21. Qg4+ Kh8 22. Qxf5 Rf8 23. Qh5 d4 24. Re2 Bc5 25. Kh2 d3 26. Rg2 Bxg2 27. Kxg2 Rxf4 28. Be3 Rf8 29. Re1 Bxe3 0-1

[Event "Oberliga Nord O 0304"]
[Site "Germany"]
[Date "2004.02.15"]
[Round "6.3"]
[White "Wuttke, Hans"]
[Black "Kurz, Alexander"]
[Result "0-1"]
[WhiteElo "2155"]
[BlackElo "2310"]
[PlyCount "72"]
[EventDate "2003.10.12"]
[EventType "team-tourn"]
[EventRounds "9"]
[EventCountry "GER"]
[SourceTitle "EXT 2005"]
[Source "ChessBase"]
[SourceDate "2004.11.15"]
[SourceVersion "1"]
[SourceVersionDate "2004.11.15"]
[SourceQuality "1"]
[WhiteTeam "Potsdam Empor"]
[BlackTeam "Neukoelln II"]
[WhiteTeamCountry "GER"]
[BlackTeamCountry "GER"]

1. c4 e5 2. Nc3 Nf6 3. g3 Bb4 4. Bg2 0-0 5. Nd5 Nxd5 6. cxd5 c5 7. Qc2 d6 8. Nf3 Qe7 9. 0-0 e4 10. Ne1 Bf5 11. a3 Ba5 12. Qa4 Bb6 13. Nc2 Nd7 14. Ne3 Bg6 15. Kh1 f5 16. f4 exf3 17. Rxf3 f4 18. Rxf4 Rxf4 19. Qxf4 Rf8 20. Qg4 c4 21. Qe6+ Rf7 22. Nxc4 Nc5 23. Qxe7 Rxe7 24. d4 Nb3 25. Bg5 Rc7 26. Rf1 Rxc4 27. Be7 h6 28. Bxd6 Rxd4 29. Be5 Re4 30. Bc3 Rxe2 31. Rf4 Nc5 32. Rg4 Kh7 33. h4 Ne4 34. Kh2 h5 35. Rf4 Bc7 36. Rf3 Nxg3 0-1

[Event "Oberliga Nord O 0304"]
[Site "Germany"]
[Date "2003.12.14"]
[Round "4.4"]
[White "Abraham, Ingo"]
[Black "Kurz, Alexander"]
[Result "0-1"]
[WhiteElo "2139"]
[BlackElo "2310"]
[PlyCount "92"]
[EventDate "2003.10.12"]
[EventType "team-tourn"]
[EventRounds "9"]
[EventCountry "GER"]
[SourceTitle "EXT 2005"]
[Source "ChessBase"]
[SourceDate "2004.11.15"]
[SourceVersion "1"]
[SourceVersionDate "2004.11.15"]
[SourceQuality "1"]
[WhiteTeam "Weisse Dame"]
[BlackTeam "Neukoelln II"]
[WhiteTeamCountry "GER"]
[BlackTeamCountry "GER"]

1. d4 d5 2. c4 e6 3. Nc3 Nf6 4. Bg5 Be7 5. Nf3 0-0 6. e3 Nbd7 7. cxd5 Nxd5 8. Bxe7 Qxe7 9. Nxd5 exd5 10. Bd3 Re8 11. 0-0 Nf8 12. Qc2 Bg4 13. Nd2 Bh5 14. b4 Bg6 15. Bxg6 hxg6 16. Rfc1 Ne6 17. Rab1 Qd6 18. Nb3 b6 19. Qc6 Qxc6 20. Rxc6 Kf8 21. Rbc1 Ke7 22. a4 Rad8 23. b5 a5 24. bxa6 Ra8 25. a5 Reb8 26. axb6 Rxb6 27. Rxb6 cxb6 28. Ra1 Ra7 29. Nc1 Nc7 30. Nd3 Rxa6 31. Rc1 Ra3 32. Rxc7+ Kd6 33. Rc2 Rxd3 34. Kf1 Ra3 35. Ke2 b5 36. h4 b4 37. Kd2 Ra7 38. Kc1 Rc7 39. Rxc7 Kxc7 40. Kc2 Kc6 41. Kb2 f5 42. f3 Kb5 43. Kb3 Ka5 44. g4 fxg4 45. fxg4 Kb5 46. g5 Ka5 0-1

[Event "Bundesliga 9596"]
[Site "Germany"]
[Date "1995.??.??"]
[Round "?.3"]
[White "Gabriel, Christian"]
[Black "Kurz, Alexander"]
[Result "1-0"]
[WhiteElo "2475"]
[BlackElo "2350"]
[PlyCount "79"]
[EventDate "1995.10.14"]
[EventType "team-tourn"]
[EventRounds "15"]
[EventCountry "GER"]
[SourceTitle "GER-chT"]
[Source "ChessBase"]
[SourceDate "1999.07.01"]
[SourceVersion "1"]
[SourceVersionDate "1999.07.01"]
[SourceQuality "1"]
[WhiteTeam "Solingen"]
[BlackTeam "Bamberg"]
[WhiteTeamCountry "GER"]
[BlackTeamCountry "GER"]

1. d4 Nf6 2. c4 g6 3. Nc3 Bg7 4. e4 d6 5. Nf3 0-0 6. Be2 e5 7. d5 Nbd7 8. Be3 Ng4 9. Bg5 f6 10. Bd2 f5 11. exf5 gxf5 12. Ng5 Ndf6 13. h3 Nh6 14. Ne6 Bxe6 15. dxe6 f4 16. Nd5 Nf5 17. Bg4 c6 18. Bxf5 cxd5 19. cxd5 Nxd5 20. Qh5 Nf6 21. Qh4 Qe8 22. Rc1 Qb5 23. Rc7 h6 24. g4 Qd5 25. Rg1 Ne8 26. Rc3 Qxa2 27. Qe7 Qxb2 28. g5 h5 29. Be4 Qa1+ 30. Rc1 Qd4 31. Qxb7 Rb8 32. Qd5 Qxd5 33. Bxd5 Kh8 34. e7 Rg8 35. Ke2 e4 36. Bxf4 Bd4 37. Rb1 Rxb1 38. Rxb1 Rg7 39. Rb8 Rxe7 40. Bc6 1-0

[Event "Bundesliga 9596"]
[Site "Germany"]
[Date "1995.??.??"]
[Round "?.4"]
[White "Knaak, Rainer"]
[Black "Kurz, Alexander"]
[Result "1-0"]
[WhiteElo "2540"]
[BlackElo "2350"]
[PlyCount "78"]
[EventDate "1995.10.14"]
[EventType "team-tourn"]
[EventRounds "15"]
[EventCountry "GER"]
[SourceTitle "GER-chT"]
[Source "ChessBase"]
[SourceDate "1999.07.01"]
[SourceVersion "1"]
[SourceVersionDate "1999.07.01"]
[SourceQuality "1"]
[WhiteTeam "Werder Bremen"]
[BlackTeam "Bamberg"]
[WhiteTeamCountry "GER"]
[BlackTeamCountry "GER"]

1. d4 Nf6 2. c4 g6 3. Nc3 Bg7 4. e4 d6 5. f3 0-0 6. Bg5 c5 7. d5 e6 8. Qd2 exd5 9. cxd5 Na6 10. Bd3 Bd7 11. Nge2 Rc8 12. 0-0 c4 13. Bc2 b5 14. a3 Nc5 15. Nd4 Qb6 16. Be3 Rfe8 17. Rab1 a5 18. b4 cxb3 19. Nxb3 b4 20. axb4 axb4 21. Na2 Nxb3 22. Bxb3 Bh6 23. Bxb6 Bxd2 24. Rfd1 Bc3 25. Ba5 Nh5 26. Nxc3 bxc3 27. Bc2 f5 28. Rb7 Nf6 29. Rc1 fxe4 30. fxe4 Rc5 31. Bb4 Rb5 32. Rxb5 Bxb5 33. Re1 Bc4 34. Bxc3 Nd7 35. Ba4 Re7 36. Bb4 Nb6 37. Bxd6 Ra7 38. Bc6 Ra2 39. Bc5 Na4 1-0

[Event "BL2-Ost 9495"]
[Site "Germany"]
[Date "1995.??.??"]
[Round "9.7"]
[White "Roeschlau, Bernd"]
[Black "Kurz, Alexander"]
[Result "0-1"]
[WhiteElo "2270"]
[BlackElo "2315"]
[PlyCount "88"]
[EventDate "1994.10.??"]
[EventType "team-tourn"]
[EventRounds "9"]
[EventCountry "GER"]
[SourceTitle "GER-chT2"]
[Source "ChessBase"]
[SourceDate "1999.07.01"]
[SourceVersion "1"]
[SourceVersionDate "1999.07.01"]
[SourceQuality "1"]
[WhiteTeam "Frankfurt FTG"]
[BlackTeam "Bamberg"]
[WhiteTeamCountry "GER"]
[BlackTeamCountry "GER"]

1. d4 Nf6 2. c4 g6 3. Nc3 Bg7 4. e4 d6 5. Nf3 0-0 6. Be2 e5 7. 0-0 Nc6 8. d5 Ne7 9. Nd2 Ne8 10. a4 f5 11. b3 Kh8 12. Bb2 fxe4 13. Ncxe4 Nf5 14. Nf3 c5 15. dxc6 bxc6 16. Qd3 Qe7 17. Qd2 Rb8 18. Bd1 Nf6 19. Re1 Nxe4 20. Rxe4 c5 21. Bc2 Bb7 22. Rae1 Bxe4 23. Rxe4 Qb7 24. h4 Nd4 25. Bxd4 cxd4 26. h5 Qb4 27. Qe2 Qc3 28. hxg6 d3 29. Bxd3 Rxb3 30. Ne1 Qc1 31. g3 Bh6 32. Bc2 Rbf3 33. g7+ Kxg7 34. Rg4+ Kh8 35. Qe4 R3f7 36. f4 exf4 37. Kg2 Qe3 38. Rh4 f3+ 39. Kf1 Qxe4 40. Bxe4 f2 41. Nd3 Rb8 42. Nf4 Bxf4 43. gxf4 Rb2 44. Bd3 Rd2 0-1

[Event "BL2-Ost 9293"]
[Site "Germany"]
[Date "1992.??.??"]
[Round "?.6"]
[White "Kurz, Alexander"]
[Black "Martin, Thomas2222"]
[Result "1-0"]
[WhiteElo "2300"]
[BlackElo "2220"]
[PlyCount "63"]
[EventDate "1992.10.??"]
[EventType "team-tourn"]
[EventRounds "9"]
[EventCountry "GER"]
[SourceTitle "GER-chT2"]
[Source "ChessBase"]
[SourceDate "1999.07.01"]
[SourceVersion "1"]
[SourceVersionDate "1999.07.01"]
[SourceQuality "1"]
[WhiteTeam "Bamberg"]
[BlackTeam "Bayern Muenchen II"]
[WhiteTeamCountry "GER"]
[BlackTeamCountry "GER"]

1. d4 Nf6 2. c4 e6 3. Nc3 d5 4. Bg5 Be7 5. e3 0-0 6. Nf3 h6 7. Bxf6 Bxf6 8. Qc2 a6 9. Rd1 c6 10. h4 b5 11. g4 g6 12. g5 hxg5 13. hxg5 Bg7 14. e4 bxc4 15. e5 c5 16. Qd2 Nc6 17. Qf4 Nxd4 18. Nxd4 cxd4 19. Qh4 Re8 20. Rxd4 Qc7 21. f4 Bb7 22. Rh2 Qb6 23. Rhd2 a5 24. Kd1 Rec8 25. Kc1 a4 26. a3 Bc6 27. Be2 Bf8 28. Bf3 Rab8 29. f5 exf5 30. Bxd5 Bxa3 31. bxa3 Bxd5 32. Rh2 1-0

[Event "Bundesliga 9091"]
[Site "Germany"]
[Date "1991.??.??"]
[Round "?.4"]
[White "Kurz, Alexander"]
[Black "Paehtz, Thomas Sr"]
[Result "1/2-1/2"]
[WhiteElo "2330"]
[BlackElo "2455"]
[PlyCount "85"]
[EventDate "1990.10.06"]
[EventType "team-tourn"]
[EventRounds "15"]
[EventCountry "GER"]
[SourceTitle "GER-chT"]
[Source "ChessBase"]
[SourceDate "1999.07.01"]
[SourceVersion "1"]
[SourceVersionDate "1999.07.01"]
[SourceQuality "1"]
[WhiteTeam "Bamberg"]
[BlackTeam "Dortmund"]
[WhiteTeamCountry "GER"]
[BlackTeamCountry "GER"]

1. d4 Nf6 2. c4 g6 3. Nc3 Bg7 4. e4 d6 5. f3 0-0 6. Be3 e5 7. Nge2 Nbd7 8. Qd2 a6 9. d5 h5 10. Nc1 Nh7 11. Nb3 f5 12. exf5 gxf5 13. 0-0-0 Qe7 14. Kb1 Ndf6 15. Be2 Kh8 16. c5 Rb8 17. cxd6 cxd6 18. Ba7 Ra8 19. Bf2 Bd7 20. h3 b5 21. Bd3 b4 22. Ne2 a5 23. Rhe1 a4 24. Nbd4 exd4 25. Nxd4 Qf7 26. Nxf5 Bxf5 27. Bxf5 Nxd5 28. Be4 Nc3+ 29. bxc3 bxc3 30. Qd5 Rab8+ 31. Kc1 c2 32. Rd2 Qxd5 33. Bxd5 Rfc8 34. Rxc2 Rxc2+ 35. Kxc2 Rb2+ 36. Kd3 Rxf2 37. Re8+ Nf8 38. g4 Kh7 39. gxh5 Nd7 40. Re6 Nc5+ 41. Ke3 Rxf3+ 42. Kxf3 Nxe6 43. Bxe6 1/2-1/2

[Event "Bundesliga 9192"]
[Site "Germany"]
[Date "1991.??.??"]
[Round "?.4"]
[White "Kurz, Alexander"]
[Black "Vaganian, Rafael A"]
[Result "0-1"]
[WhiteElo "2325"]
[BlackElo "2585"]
[PlyCount "48"]
[EventDate "1991.10.12"]
[EventType "team-tourn"]
[EventRounds "15"]
[EventCountry "GER"]
[SourceTitle "GER-chT"]
[Source "ChessBase"]
[SourceDate "1999.07.01"]
[SourceVersion "1"]
[SourceVersionDate "1999.07.01"]
[SourceQuality "1"]
[WhiteTeam "Bamberg"]
[BlackTeam "Koeln Porz"]
[WhiteTeamCountry "GER"]
[BlackTeamCountry "GER"]

1. d4 Nf6 2. Nf3 c5 3. d5 b5 4. Bg5 Bb7 5. Bxf6 exf6 6. e4 c4 7. a4 a6 8. Na3 Qb6 9. Be2 Bc5 10. 0-0 0-0 11. a5 Qa7 12. Qd2 Re8 13. Qf4 Bxd5 14. exd5 Rxe2 15. Nh4 Re5 16. Rae1 d6 17. Nf5 Bxf2+ 18. Qxf2 Qxf2+ 19. Kxf2 Rxf5+ 20. Kg3 Re5 21. c3 Nd7 22. Rxe5 Nxe5 23. Re1 Kf8 24. Re2 Nd3 0-1

[Event "Bundesliga 8990"]
[Site "Germany"]
[Date "1990.??.??"]
[Round "?.3"]
[White "Kurz, Alexander"]
[Black "Bastian, Herbert"]
[Result "1-0"]
[WhiteElo "2285"]
[BlackElo "2340"]
[PlyCount "129"]
[EventDate "1989.10.??"]
[EventType "team-tourn"]
[EventRounds "15"]
[EventCountry "GER"]
[SourceTitle "GER-chT"]
[Source "ChessBase"]
[SourceDate "1999.07.01"]
[SourceVersion "1"]
[SourceVersionDate "1999.07.01"]
[SourceQuality "1"]
[WhiteTeam "Bamberg"]
[BlackTeam "Muenchen 36"]
[WhiteTeamCountry "GER"]
[BlackTeamCountry "GER"]

1. d4 Nf6 2. c4 c6 3. Nc3 d5 4. Nf3 g6 5. cxd5 cxd5 6. Qb3 Nc6 7. Bg5 Na5 8. Qd1 Bg7 9. e3 0-0 10. Rc1 Bf5 11. Be2 h6 12. Bh4 Rc8 13. 0-0 g5 14. Bg3 Nc4 15. b3 Nd6 16. Qd2 Nfe4 17. Nxe4 Nxe4 18. Qb4 Qd7 19. Bb5 Qe6 20. Bc7 Rxc7 21. Rxc7 Qb6 22. Rfc1 a6 23. Ne5 axb5 24. Qxe7 Bf6 25. Rxb7 Qa5 26. Qc7 Qxc7 27. Rcxc7 Nd6 28. Ra7 Be6 29. Nd7 Bxd7 30. Rxd7 Rc8 31. f3 Rc6 32. Rac7 Ra6 33. g4 Kg7 34. Rc5 Ne8 35. Rxb5 Rxa2 36. Rbxd5 Kf8 37. b4 Be7 38. Re5 Ra1+ 39. Kf2 Ra2+ 40. Kf1 Bf6 41. Rf5 Rb2 42. Rb5 Rb1+ 43. Ke2 Rb2+ 44. Kd1 Rb3 45. Kd2 Be7 46. Rbb7 Bxb4+ 47. Ke2 Rb2+ 48. Kd1 Ba3 49. Rxf7+ Kg8 50. Rfd7 Rxb7 51. Rxb7 Nf6 52. Ke2 Kf8 53. Kd3 Bd6 54. h3 Be7 55. e4 Ke8 56. Kc4 Nd7 57. Kd5 Nf8 58. Rb6 Kf7 59. Rxh6 Ng6 60. e5 Kg7 61. Rxg6+ Kxg6 62. Ke6 Bb4 63. d5 Kg7 64. d6 Kf8 65. Kd7 1-0

[Event "Bundesliga 8990"]
[Site "Germany"]
[Date "1990.??.??"]
[Round "?.4"]
[White "Kurz, Alexander"]
[Black "Fleck, Juergen"]
[Result "1-0"]
[WhiteElo "2285"]
[BlackElo "2415"]
[PlyCount "93"]
[EventDate "1989.10.??"]
[EventType "team-tourn"]
[EventRounds "15"]
[EventCountry "GER"]
[SourceTitle "GER-chT"]
[Source "ChessBase"]
[SourceDate "1999.07.01"]
[SourceVersion "1"]
[SourceVersionDate "1999.07.01"]
[SourceQuality "1"]
[WhiteTeam "Bamberg"]
[BlackTeam "Koeln Porz"]
[WhiteTeamCountry "GER"]
[BlackTeamCountry "GER"]

1. d4 Nf6 2. c4 g6 3. Nc3 Bg7 4. e4 d6 5. Nf3 0-0 6. Be2 e5 7. 0-0 Nc6 8. d5 Ne7 9. Ne1 Nd7 10. Nd3 f5 11. Bd2 Nf6 12. f3 Kh8 13. Rc1 Neg8 14. c5 Rf7 15. cxd6 cxd6 16. a4 Bf8 17. b4 f4 18. Nb5 Bd7 19. Nf2 Ne8 20. Qb3 Rg7 21. Rc2 g5 22. g4 Ngf6 23. a5 h5 24. h3 Rh7 25. Kg2 Be7 26. Rfc1 Qb8 27. Nc7 Nxc7 28. Rxc7 Bd8 29. R7c2 b5 30. Nd3 a6 31. Nc5 dxc5 32. bxc5 Ne8 33. Bb4 Ra7 34. Rd2 Be7 35. d6 Bc6 36. dxe7 Raxe7 37. Rcd1 hxg4 38. hxg4 Qc7 39. Rd6 Rh4 40. Bc3 Ng7 41. Rf6 Kh7 42. Rdd6 Be8 43. Qd5 Bf7 44. Rxf7 Rxf7 45. Bxe5 Re7 46. Bf6 Rh6 47. e5 1-0

[Event "Bundesliga 8990"]
[Site "Germany"]
[Date "1990.??.??"]
[Round "?.3"]
[White "Kurz, Alexander"]
[Black "Maus, Soenke"]
[Result "0-1"]
[WhiteElo "2285"]
[BlackElo "2400"]
[PlyCount "100"]
[EventDate "1989.10.??"]
[EventType "team-tourn"]
[EventRounds "15"]
[EventCountry "GER"]
[SourceTitle "GER-chT"]
[Source "ChessBase"]
[SourceDate "1999.07.01"]
[SourceVersion "1"]
[SourceVersionDate "1999.07.01"]
[SourceQuality "1"]
[WhiteTeam "Bamberg"]
[BlackTeam "Hamburger SK"]
[WhiteTeamCountry "GER"]
[BlackTeamCountry "GER"]

1. d4 Nf6 2. c4 c5 3. d5 e6 4. Nc3 exd5 5. cxd5 d6 6. e4 g6 7. f4 Bg7 8. Bb5+ Nfd7 9. Nf3 0-0 10. 0-0 a6 11. Bd3 b5 12. a3 Re8 13. Kh1 Bb7 14. Qe1 b4 15. axb4 cxb4 16. Na4 a5 17. Qf2 Ba6 18. Bxa6 Nxa6 19. f5 Nac5 20. Nxc5 Nxc5 21. Ng5 Nxe4 22. Nxe4 Rxe4 23. fxg6 fxg6 24. Qf7+ Kh8 25. Qb7 Qc8 26. Qxc8+ Rxc8 27. Rxa5 Rf8 28. Rd1 Rfe8 29. Bd2 Bxb2 30. g3 Kg8 31. Rb5 Bc3 32. Bf4 Rd8 33. Rb6 Be5 34. Bxe5 dxe5 35. Kg2 Rc4 36. Kf3 Kg7 37. Re6 Rd4 38. Rxd4 exd4 39. Rb6 Rxd5 40. Rxb4 d3 41. Rb1 Kf6 42. Rd1 d2 43. Kf4 h5 44. Ke4 Rd6 45. Kf4 Rd8 46. Ke4 Kg5 47. Kf3 Kf5 48. Ke3 Kg4 49. Kf2 Kh3 50. Kg1 Rd7 0-1

[Event "Bundesliga 8990"]
[Site "Germany"]
[Date "1990.??.??"]
[Round "?.4"]
[White "Kurz, Alexander"]
[Black "Schmitzer, Klaus"]
[Result "1-0"]
[WhiteElo "2285"]
[BlackElo "2305"]
[PlyCount "65"]
[EventDate "1989.10.??"]
[EventType "team-tourn"]
[EventRounds "15"]
[EventCountry "GER"]
[SourceTitle "GER-chT"]
[Source "ChessBase"]
[SourceDate "1999.07.01"]
[SourceVersion "1"]
[SourceVersionDate "1999.07.01"]
[SourceQuality "1"]
[WhiteTeam "Bamberg"]
[BlackTeam "Hofheim"]
[WhiteTeamCountry "GER"]
[BlackTeamCountry "GER"]

1. d4 d5 2. c4 e6 3. Nc3 c5 4. cxd5 exd5 5. Nf3 Nc6 6. Bf4 Nf6 7. e3 c4 8. Be2 Bb4 9. 0-0 0-0 10. Ne5 Qa5 11. Qc2 Be6 12. Nxc6 bxc6 13. Na4 g6 14. a3 Be7 15. b4 cxb3 16. Qxb3 Ne4 17. Rfc1 Rac8 18. Qd1 c5 19. f3 Bd7 20. Nxc5 Nxc5 21. dxc5 Bxc5 22. Kh1 Be6 23. a4 Bb6 24. h4 Rfd8 25. Bg5 Rxc1 26. Rxc1 Rc8 27. Rxc8+ Bxc8 28. Qa1 Qd2 29. Qf6 Ba5 30. Bh6 Qc3 31. Qe7 Qc1+ 32. Bf1 Qxf1+ 33. Kh2 1-0